01576nab a22002777a 4500003000400000005001700004008004100021040000700062100002200069245014800091260007300239300001500312500003800327505012800365505036300493505008200856650001800938650001100956650003000967650002700997650003501024650002201059650003801081650002501119773015401144OSt20251223000454.0190429b xxu||||| |||| 00| 0 spa d cPJ aGuerrero, Gonzalo10aUn nuevo precedente sobre el desbloqueo compulsivo de teléfonos celulares con datos biométricos de la persona imputada /cGonzalo Guerrero. cCiudad Autónoma de Buenos Aires :aThomson Reuters La Ley, b2025. ap. 178-187 aCita: TR LALEY AR/DOC/2469/2025.  a Sumario: I. Introducción.— II. El fallo.— III. Análisis del fallo.— IV. Conclusión y consideraciones finales.  aFallo comentado: CCasacion Penal, Penal Juvenil, Contravencional y de Faltas, Ciudad Autónoma de Buenos Aires, sala IV ~ 12/06/2025 ~ U., A. C. y otros s/ 173 inc. 16 - defraudación mediante técnica de manipulación informática que altere el normal funcionamiento de un sistema informático o la transmisión de datos s/ incidente de apelación. tSi te interesa el texto completo, solicitalo a koha@justierradelfuego.gov.ar  0aDERECHO PENAL 0aPRUEBA 0aINVESTIGACIÓN DEL HECHO 0aDERECHO A LA INTIMIDAD 0aGARANTIAS CONSTITUCIONALES › 0aDEFENSA EN JUICIO 0aRECURSO DE APELACIÓN (PROCESAL) 0aGRAVAMEN IRREPARABLE0 02658tRevista de derecho penal y criminología. Nº 11 - Diciembre 2025dCiudad Autónoma de Buenos Aires : Thomson Reuters La Ley, 2017-x00347914